000 00670nam a2200253Ia 4500
005 20250425162139.0
008 250425s9999 xx 000 0 und d
020 _a84555513
041 _aspa
082 _a630
100 _aCARRETERO CANADO, ISIDORO
245 0 _aTECNICO EN AGRICULTURA VOL.2
250 _a1A ED.
260 _aEspaƱa
_bCULTURAL
_c2002
260 _aMADRID
300 _a370
500 _aEN CIBGZ-FIMCP 50336 V.2 PARA ING. AGROP.
650 _aCULTIVOS DE CEREALES
650 _aCULTIVOS HORTICOLAS
650 _aMAQUINARIA AGRICOLA-REPARACION Y MANTENIMIENTO
650 _aMECANIZACION AGRICOLA
942 _c01
010 _a52901
999 _c223261
_d223261